| 000 | 00340nam a2200121Ia 4500 | ||
|---|---|---|---|
| 008 | 220204s9999 xx 000 0 und d | ||
| 082 |
_a678.031(083.74)BS _bBRI |
||
| 245 | 0 | _aMethods of testing vulcanized rubber. Part A10 and Part A18 | |
| 260 |
_aLondon _bBSI _c1956 |
||
| 650 | _aBS 903:Part A10 | ||
| 650 | _aBS 903:Part A18 | ||
| 942 | _cBK | ||
| 999 |
_c22142 _d22142 |
||